Bilinmiyen taraflariyle Atatürk / (Record no. 14286)

MARC details
000 -BAŞLIK
Sabit Uzunlukta Kontrol Alanı 00723nam a22002057a 4500
999 ## - SİSTEM KONTROL NUMARALARI (KOHA)
Koha Biblionumber 14286
Koha Biblioitemnumber 14286
003 - KONTROL NUMARASI IDENTIFIER
Denetim Alanı MIRAKIL
005 - SON İŞLEM TARİHİ VE ZAMANI
Denetim Alanı 20201214134422.0
008 - SABİT-BOY VERİ ELEMANLARI - GENEL BİLGİLER
Sabit Uzunlukta Kontrol Alanı 201214b tu ||||| |||| 00| 0 tur d
040 ## - KATALOGLAMA KAYNAK
Orijinal Kataloglama Ajansı TR-AnCHP
Metne Dönüştürmek Ajansı TR-AnCHP
041 ## - DİL KODU
Metin / Ses Parça Veya Ayrı Başlığın Dil Kodu tur
082 ## - DEWEY ONLU SINIFLANDIRMA NUMARASI
Sınıflandırma Numarası ATA 923.156
Ürün Numarası T36b 1959
100 ## - ANA GİRİŞ - KİŞİSEL İSİM
Kişisel Ad Tepedelenlioğlu, Nizamettin Nazif
245 10 - BAŞLIK TABLOSU
Başlık Bilinmiyen taraflariyle Atatürk /
Sorumluluk Tablosu, Vb Nizamettin Nazif Tepedelenlioğlu.
260 ## - YAYIN, DAĞITIM, VB
Yayın, Dağıtım, Vb Yeri İstanbul:
Yayıncı, Dağıtıcı, Vs Adı Güler Yayınları,
Yayın, Dağıtım, Vb Tarihi 1959.
300 ## - FİZİKSEL TANIM
Kapsam 117 s.:
Boyutlar 20 sm.
490 0# - SERİSİ TABLOSU
Seri Beyanı Güler Yayınları;
Hacim / Ardışık Tanımı 1.
600 14 - KONU KATMA GİRİŞ - KURUMSAL ADI
9 (RLIN) 1465
Kişisel Ad Atatürk, Gazi Mustafa Kemal
Başlıklar Ve Bir Adla İlişkili Diğer Kelimeler Türkiye Cumhuriyeti 1. Cumhurbaşkanı
Bir Adıyla İlişkilendirilen Tarihler 1881-1938
Genel Alt Bölümü Yaşam öyküsü
650 #0 - KONU KATMA GİRİŞ - TOPİKAL DÖNEM
9 (RLIN) 5415
Topikal Süreli Veya Coğrafi Ad Giriş Elemanı Cumhurbaşkanları
Genel Alt Bölümü Yaşam öyküsü
942 ## - EKLENDİ GİRİŞ ELEMANLARI (KOHA)
Sınıflandırma Veya Raf Düzeni Kaynak Dewey Decimal Classification
Koha Öğesi Türü Books
Holdings
Kalıcı Konum Mevcut Konum Edinme Tarihi Toplam Check-Out'Lar Tam Çağrı Numarası Barkod Tarih Son Görülme İtibaren Geçerli Fiyatlar Sigara Kamu Notu Koha Öğesi Türü
CHP Kütüphanesi CHP Kütüphanesi 12/14/2020   ATA 923.156 T36b 1959 000904 12/14/2020 12/14/2020 Emine Başak Alkan Bağışıdır. Books